1. FC Kaiserslautern Kader 24/25 - Statistiken

Allgemein
  • Dieses Quiz wurde 340 mal gespielt
  • Das Durchschnittsergebnis liegt bei 19 aus 30
Antwortstatistiken
Hint Antwort % Korrekt
TW Julian Krahl
98%
ZOM Marlon Ritter
94%
ST Ragnar Ache
94%
RV Jean Zimmer
83%
ST Daniel Hanslik
82%
TW Avdo Spahic
80%
IV Boris Tomiak
75%
IV Jan Elvedi
73%
LF Kenny-Prince Redondo
73%
IV Luca Sirch
73%
LV Erik Wekesser
67%
ST Richmond Tachie
67%
LF Aaron Opoku
66%
IV Jannis Heuer
64%
LV Florian Kleinhansl
62%
LV Mika Haas
60%
TW Fabian Heck
59%
RF Daisuke Yokota
57%
ZDM Leon Robinson
57%
ZDM Afeez Aremu
49%
RV Frank Ronstadt
49%
ST Dickson Abiama
48%
ST Jannik Mause
47%
LV Hendrick Zuck
46%
ZM Filip Kaloc
45%
ZM Tobias Raschl
45%
RV Jan Gyamerah
44%
ZOM Philipp Klement
44%
IV Almamy Touré
36%
LF Shawn Blum
22%
Keine übereinstimmenden Quizze gefunden
Verteilung der Resultate
Anzahl Personen mit jedem Resultat
Perzentil nach korrekt beantworteten Fragen
Ihre Resultats-Entwicklung
Sie haben dieses Quiz noch nicht gespielt